| 000 | 00533nam a2200181Ia 4500 | ||
|---|---|---|---|
| 999 |
_c29369 _d29369 |
||
| 003 | OSt | ||
| 005 | 20210108101439.0 | ||
| 008 | 190216s9999||||xx |||||||||||||| ||und|| | ||
| 020 | _a9788182646162 | ||
| 040 | _coclc | ||
| 082 |
_a894.812301 _bSUD/S |
||
| 100 |
_aSudheera, K P _96674 |
||
| 245 | 0 |
_aSudheerayude Kathakal / _cK P Sudheera |
|
| 260 |
_bMathrubhumi Printing & Publishing, _aKozhikode: _c2008. |
||
| 300 | _a464p | ||
| 650 | _aKathakal | ||
| 942 |
_cBK _2ddc _h894.812301 _iSUD/S _k894.812301 _mSUD/S |
||